LEADER 01904nam a2200301 4500 001 000000359597 003 CaOOAMICUS 005 20240829151200.0 008 240829s1745 it a 000 u ita r 026 $en-i, 1.ro nole al9. (C) 1745 (R) 040 $aSeMil$bita 110 21$aCollegio degli speziali .$0(OLS)http://semarc/name/120323 245 10$aOrigine del collegio de' signori speziali della città e ducato di Milano, suoi privilegj, prerogrative, e giurisdizioni (oltre li Statuti) ricavatisi in occasione di averne formato il di lui archivio l'anno 1745 ... con l'intervenimento... del sig. Giambattista Ferradini primo consigliere sedente. 264 1$aIn Milano :$bPer Carlo Giuseppe Ghislandi in contrada di Santa Margharita, al segno della Divina Sapienza,$c1745. 300 $a12, VIII p. ;$c4° 500 $aVignetta xilogr. sul front. (San Giovanni Damasceno in cornice recante la scritta: S. Ioan. Damascenus Colleg. Aromatariorum mediol. protector) 500 $aSegn.: A? *? 500 $aIniziali xilogr. 700 1 $aGhislandi, Carlo Giuseppe,$c.$0(OLS)http://semarc/name/14582 752 $ait$dMilano 850 $aSeMil 852 $aSeMil$W1$xVenegono$y1$m3Z VI 17/2 FA$j250549$B250658$CSeMilBibl$Z2$F250658 $8I 900 11$aCollegium Aromatariorum Mediolani. 941 1 $a10 996 $6245$aOrigine del collegio de' signori speziali della città e ducato di Milano, suoi privilegj, prerogrative, e giurisdizioni (oltre li Statuti) ricavatisi in occasione di averne formato il di lui archivio l'anno 1745 ... con l'intervenimento... del sig. Giambattista Ferradini primo consigliere sedente$9(OLS)http://semarc/title/450020 996 $6264$aIn Milano :$bPer Carlo Giuseppe Ghislandi in contrada di Santa Margharita, al segno della Divina Sapienza$9(OLS)http://semarc/publisher/61928 LEADER 00850nam a2200205 i 4500 001 000000051430 003 CaOOAMICUS 005 20100513000000.0 008 100513s1972 it u000 u ita u 013 $a22602 040 $aSeMil$bita 100 1 $aMarafini, Giuseppe.$0(OLS)http://semarc/name/25433 245 13$aLa testimonianza cristiana nella società secolarizzata /$cGiuseppe Marafini. 260 $aRoma :$bCittà Nuova,$ccopyr. 1972. 300 $a218 p. ;$c20 cm. 650 4$aCristianesimo - Rapporti [con la] Società.$0(OLS)http://semarc/subject/49907 850 $aSeMil 852 $aSeMil$W1$xVenegono$y1$m2F IV 148$j17585$B17585$CSeMilBibl$Z2$F17586 $81 996 $6245$aLa testimonianza cristiana nella società secolarizzata$9(OLS)http://semarc/title/78758 996 $6260$aRoma :$bCittà Nuova$9(OLS)http://semarc/publisher/29609